000 01910cam a2200421 a 4500
999 _c529696
_d529696
001 3546357
003 NUST
005 20191001150817.0
008 980105s1997 dcua b 000 0 eng d
010 _a 97068856
020 _z030961016
035 _a(OCoLC)38065011
038 _aMSOHAIL
040 _aDJBF
_cDJBF
_dWaU
_dDLC
042 _alccopycat
043 _an-us---
050 0 0 _aTE211
_b.L34 1997
082 _a0
100 1 _aLaguros, Joakim G.
_922216
245 1 0 _aStabilization of existing subgrades to improve constructibility during interstate pavement reconstruction /
_cJoakim G. Laguros and Gerald A. Miller.
260 _aWashington, D.C. :
_bNational Academy Press,
_c1997.
300 _a75 p. :
_bill. ;
_c30 cm.
440 0 _aSynthesis of highway practice,
_x0547-5570 ;
_v247
_922217
500 _aAt head of title: National Cooperative Highway Research Program.
500 _a"Transportation Research Board, National Research Council; Research sponsored by the American Association of State Highway and Transportation Officials in cooperation with the Federal Highway Administration."
504 _aIncludes bibliographical references (p. 32-35).
650 0 _aPavements
_zUnited States
_xSubgrades.
_922218
650 0 _aSoil stabilization
_zUnited States.
_922219
650 0 _aPavements
_zUnited States
_xMaintenance and repair.
_920808
650 0 _aRoads
_zUnited States
_xDesign and construction.
_919649
700 1 _aMiller, Gerald A.,
_cPh.D.
_922220
710 2 _aNational Cooperative Highway Research Program.
_920864
710 2 _aNational Research Council (U.S.).
_bTransportation Research Board.
_922221
906 _a7
_bcbc
_ccopycat
_d2
_eopcn
_f19
_gy-gencatlg
942 _2ddc
_cBK